STREET FASHION PHOTOGRAPHY (Record no. 17267)
[ view plain ]
| 000 -LEADER | |
|---|---|
| fixed length control field | 00260nam a22001217a 4500 |
| 003 - CONTROL NUMBER IDENTIFIER | |
| control field | SGT |
| 082 ## - DEWEY DECIMAL CLASSIFICATION NUMBER | |
| Classification number | 746.92 |
| Item number | S13D |
| 100 ## - MAIN ENTRY--PERSONAL NAME | |
| Personal name | DAWSON, DYANNA |
| 245 ## - TITLE STATEMENT | |
| Title | STREET FASHION PHOTOGRAPHY |
| 260 ## - PUBLICATION, DISTRIBUTION, ETC. (IMPRINT) | |
| Place of publication, distribution, etc | FRANICISO |
| Name of publisher, distributor, etc | C.B. |
| Year of Publication | 2013 |
| 300 ## - PAGE DESCRIPTION | |
| No. of Pages | 158 |
| 942 ## - ADDED ENTRY ELEMENTS (KOHA) | |
| Source of classification or shelving scheme | Dewey Decimal Classification |
| Koha item type | Books |
| Withdrawn status | Lost status | Source of classification or shelving scheme | Damaged status | Not for loan | Home library | Current library | Shelving location | Date acquired | Vendor Name | SGTU | Bill Number | Total Checkouts | Full call number | Accession No. (Barcode) | Checked out | Date last seen | Date last borrowed | Bill Date | Koha item type |
|---|---|---|---|---|---|---|---|---|---|---|---|---|---|---|---|---|---|---|---|
| Dewey Decimal Classification | SGT Science & Social Sciences Library | SGT Science & Social Sciences Library | Reference Book | 02/04/2019 | PANKAJ PUB. | SGTU | 4321 | 1 | 746.92 S13D | FF662 | 16/09/2021 | 02/09/2021 | 02/09/2021 | 07/03/2019 | Books |